000 00591nam a2200193Ia 4500
003 GCL
008 140319s9999 xx 000 0 ara d
040 _aGCL /
_cGCL
082 0 4 _a547
_bم ك
100 1 _aسالم بن سليم الزياب
245 1 0 _aالكيمياء العضوية الاروماتية /
_cسالم بن سليم الزياب
700 1 _aمحمد بن ابراهيم عبدالعزيز
300 _a315 ص
490 _aكتاب
_v0
650 0 4 _aالكيمياء العضوية
650 0 4 _aالبنزين
650 0 4 _aالامينات
942 _2ddc
_cBK
999 _c42456
_d42456